=LDR 00000nam 2200000 4500 =001 000619 =005 20250711113025 =035 ##$$a 0010-0725000487 =007 ta =008 250711################a##########0#ind## =020 ##$$a 978-623-307-144-4 =082 ##$$a 398.209 598 =084 ##$$a 398.209 598 CHO k =100 #$$a Cholidatul, Dewi =245 1#$$a Kiti dan Balon Udara /$c Dewi Cholidatul =250 ##$$a Cetakan Ketiga =260 ##$$a Jakarta Timur :$b Badan Pengembangan dan Pembinaan Bahasa,$c 2021 =300 ##$$a 24 hlm : $b ilus. ; $c 29,7 cm =650 #4$$a Literasi-Bahan Bacaan =600 #4$$a Cerita anak-Indonesia =856 ##$$a TBM AS SUHADA =990 ##$$a TBM03830383